Normal view
MARC view
Entry Topical Term
001 - CONTROL NUMBER
- control field: 159836
003 - CONTROL NUMBER IDENTIFIER
- control field: OSt
005 - DATE AND TIME OF LATEST TRANSACTION
- control field: 20220923211221.0
008 - FIXED-LENGTH DATA ELEMENTS
- fixed length control field: 220923|| aca||aabn | a|a d
040 ## - CATALOGING SOURCE
- Original cataloging agency: OSt
- Transcribing agency: OSt
150 ## - HEADING--TOPICAL TERM
- Topical term or geographic name entry element: भारतीय-लोक संस्कृति
670 ## - SOURCE DATA FOUND
- Source citation: Work cat.: (OSt)297113: डालमिया, वसुधा, ले. 159835, हिन्दू परंपराओं का राष्ट्रीयकरणः भारतेंदु हरिशचन्द्र और उन्नीसवीं सदी का बनारस, 2016
